LEADER 00976nam0-22002891i-450- 001 990002016840403321 005 20070418134109.0 035 $a000201684 035 $aFED01000201684 035 $a(Aleph)000201684FED01 035 $a000201684 100 $a20030910d1976----km-y0itay50------ba 101 0 $ager 200 1 $a<>Psocopteren des Schweizerischen Nationalparks und seiner Umgebung (Insecta: Psocoptera)$fCharles Lienhard 210 $aLiestal$cLudin AG$d1976 215 $a135 p.$d24 cm 225 1 $aErgebnisse der wissenschaftlichen Untersuchungen im Schweizerischen Nationalpark$h[Nr.] 75$v14 610 0 $aPsocotteri 676 $a595.732 700 1$aLienhard,$bCharles$078146 801 0$aIT$bUNINA$gRICA$2UNIMARC 901 $aBK 912 $a990002016840403321 952 $a61 IV D.7/06$b1184$fDAGEN 959 $aDAGEN 996 $aPsocopteren des Schweizerischen Nationalparks und seiner Umgebung (Insecta: Psocoptera$9405693 997 $aUNINA LEADER 02513nam0 22004333i 450 001 BVE0473461 005 20251003044059.0 010 $a9788851300999 100 $a20130827d2008 ||||0itac50 ba 101 | $aita$cita 102 $ait 181 1$6z01$ai $bxxxe 182 1$6z01$an 183 1$6z01$anc$2RDAcarrier 200 1 $aˆIl ‰fotovoltaico in architettura$el'integrazione dei sistemi per la generazione di elettricità solare$enuovo conto energia$eschede tecniche di componenti e sistemi normativi$fNiccolò Aste 205 $a3. ed 210 $aNapoli$cSistemi editoriali$cEsselibri-Simone$d2008 215 $a450 p.$cill. in parte color.$d25 cm. 225 | $aArchitettura sostenibile$i. Progettazione ecologica$v4 410 0$1001NAP0552931$12001 $aArchitettura sostenibile$i. Progettazione ecologica$v4 500 10$aˆIl ‰fotovoltaico in architettura$3CAG2124202$9MILV245136$9104080 606 $aImpianti solari$2FIR$3CFIC010523$9E 606 $aArchitettura$xImpiego dell'energia solare$2FIR$3MILC129305$9I 676 $a697$9INGEGNERIA DEL RISCALDAMENTO, DELL'AREAZIONE, DEL CONDIZIONAMENTO D'ARIA$v14 676 $a697.78$9Ingegneria del riscaldamento, dell'aerazione, del condizionamento d'aria. Riscaldamento solare.$v20 676 $a697.78$9INGEGNERIA DEL RISCALDAMENTO, DELL'AERAZIONE, DEL CONDIZIONAMENTO D'ARIA. RISCALDAMENTO SOLARE.$v21 676 $a697.78$9INGEGNERIA DEL RISCALDAMENTO, DELLA VENTILAZIONE, DELL'ARIA CONDIZIONATA. RISCALDAMENTO SOLARE$v22 696 $aAttività di architetto 699 $aArchitettura$zAttività di architetto 700 1$aAste$b, Niccolò$3MILV245136$4070$0447775 801 3$aIT$bIT-000000$c20130827 850 $aIT-BN0095 $aIT-NA0079 901 $bNAP BN$cMAGAZZINO $nmagazzini correnti divisi per anni 901 $bNAP 01$cSALA DING $n$ 912 $aBVE0473461 950 0$aBiblioteca Centralizzata di Ateneo$c1 v. in tre copie$d 01SALA DING 697 AST.fo$e 0102 0000094605 VMA A4 1 v. (1. rist. 2011)$fY $h20121113$i20121114$c1 v. in tre copie$d 01SALA DING 697 AST.fo$e 0102 0000094615 VMA A4(bis 1 v. (1. rist. 2011; 2. copia)$fY $h20121113$i20121114$c1 v. in tre copie$d 01SALA DING 697 AST.fo$e 0102 0000094625 VMA A4(ter 1 v. (1. rist. 2011; 3. copia)$fY $h20121113$i20121114 977 $a 01$a BN 996 $aFotovoltaico in architettura$9104080 997 $aUNISANNIO